| 000 | 00490nam a2200181Ia 4500 | ||
|---|---|---|---|
| 001 | 4857 | ||
| 005 | 20260306145825.0 | ||
| 008 | 260306t2011||||xx |||||||||||||| ||spa|| | ||
| 041 | _aESP | ||
| 082 |
_a330.985 _bC76 T. 4 |
||
| 100 |
_aContreras, Carlos _eAUT |
||
| 245 | 0 |
_aCompendio de historia económica del Perú: _beconomía de la primera centuria independiente |
|
| 260 | _c2011 | ||
| 300 |
_a549 páginas : _c24 cm. |
||
| 650 | _aGEN | ||
| 654 | _aCAN | ||
| 942 |
_cLIB _dJUS _fJUS _2ddc _n |
||
| 999 |
_c4857 _d4857 |
||